00518nam a2200205 a 4500001001300000003000900013005001700022008004100039020002300080082001300103100002000116245002500136260003500161300000900196500003500205505001000240650001300250650002900263700002000292nice12345678IN_TiNIC20260116013141.0050524s1988 lona grp 000 0 eng  a0860123 c10000a230bDUS aDussel, Enrique aEthics and Community aLondonbBurns and Oates c1988 a260p aincludes index and biblioraphy2 aIndex aTheology aChristian Theology-Moral1 aDussel, Enrique